Etológia a adaptácia hospodárskych zvierat

Bibliographic Details
Main Authors: Sidor, Viktor, 1926-2007 (Author), Debrecéni, Ondrej, 1950- (Author)
Format: Book
Language:Slovak
PhysicalDescription:123 s., 9,40 AH Sch. Grafy. 29 cm
Published: Bratislava S.l. Príroda VŠP v Nitre [vyd.] 1988
Edition:1. vyd.

MARC

LEADER 00000nam a2200000 a 4500
001 vtls001080692
003 SK-MaSNL
005 20260301135221.0
008 250414s1988 xo 0 slo
015 |a SNBA1989/04 
035 |a SNK000023529 
040 |a SNK  |b slo  |c SNK  |e AACR2 
041 0 |a slo 
044 |a xo  |c SK 
080 |a 636:591.5(075.8)  |2 1981 
080 |a 591.5(075.8)  |2 1981 
100 1 |a Sidor, Viktor,  |d 1926-2007  |4 aut  |9 180206 
245 1 0 |a Etológia a adaptácia hospodárskych zvierat  |c Viktor Sidor, Ondrej Debrecéni 
250 |a 1. vyd. 
260 |a Bratislava  |b Príroda  |a S.l.  |b VŠP v Nitre [vyd.]  |c 1988  |e Nitra  |f Nitrianske tlačiarne 
300 |a 123 s., 9,40 AH  |b Sch. Grafy.  |c 29 cm 
366 |e 500 výtl. 
500 |a Lit. 60. Vysvetl. Schválil rektor VŠP v Nitre ako skriptá. 60 zázn. v slov., češ., ruš., nem., maď. a angl. 
700 1 |a Debrecéni, Ondrej,  |d 1950-  |4 aut  |9 107323 
852 |a Slovenská národná knižnica 
954 |a zvieratá hospodárske  |a etológia 
958 |a NB 
958 |a TL 
958 |a UV 
958 |a OND 
999 |c 759420  |d 761350 
952 |t P60, <04>, [BOOK], {604}  |a SNK  |b SNK  |y VYP  |7 0  |p 17A0154675  |o snkSB 44689 D1  |0 0  |1 0  |4 0  |d 1998-08-12  |l 0  |r 2004-12-31 00:00:00  |w 2026-02-24 
952 |a SNK  |b SNK  |y PREZ  |7 0  |p 17A0853217  |o snkSB 44689   |0 0  |1 0  |4 0  |d 2012-07-10  |f 1  |l 0  |r 2026-02-24 00:00:17  |w 2026-02-24